Online
Catalog

Hacia una teoría de la instrucción / (Record no. 24241)

MARC details
000 -CABECERA
campo de control de longitud fija 01119nam a2200301 a 4500
001 - NÚMERO DE CONTROL
campo de control 000024748
005 - FECHA Y HORA DE LA ÚLTIMA TRANSACCIÓN
campo de control 20200930023339.0
008 - DATOS DE LONGITUD FIJA--INFORMACIÓN GENERAL
campo de control de longitud fija 110203s1969 sp r 000 | spa d
020 ## - NÚMERO INTERNACIONAL ESTÁNDAR DEL LIBRO
Número Internacional Estándar del Libro 8420638692
040 ## - FUENTE DE LA CATALOGACIÓN
Centro catalogador/agencia de origen DO-SdBNP
Lengua de catalogación spa
Centro/agencia transcriptor BNPHU
041 17 - CÓDIGO DE LENGUA
Código de lengua del texto/banda sonora o título independiente eng
Código de lengua original spa
Código de lengua del texto/banda sonora o título independiente Código de idioma MARC
082 ## - NÚMERO DE LA CLASIFICACIÓN DECIMAL DEWEY
Número de clasificación 370.1
Número de documento/Ítem B894h
049 ## - FONDOS LOCALES (OCLC)
Fondos de biblioteca BNGR
100 1# - ENTRADA PRINCIPAL--NOMBRE DE PERSONA
Nombre de persona Bruner, Jerome S.
9 (RLIN) 50772
240 10 - TÍTULO UNIFORME
Título uniforme Toward a theory of instruction.
Lenguaje de la obra Español
245 10 - MENCIÓN DE TÍTULO
Título Hacia una teoría de la instrucción /
Mención de responsabilidad, etc. por Jerome S. Bruner ; traducción al español por Nuria Parés; prologó Jerome S. Buner.
260 ## - PUBLICACIÓN, DISTRIBUCIÓN, ETC.
Lugar de publicación, distribución, etc. México, D, F. :
Nombre del editor, distribuidor, etc. Unión Tipográfica Editorial Hispano Americana,
Fecha de publicación, distribución, etc. 1969.
300 ## - DESCRIPCIÓN FÍSICA
Extensión xii, 234, [14 p.] p. ;
Dimensiones 18 cm.
490 1# - MENCIÓN DE SERIE
Mención de serie Manuales uteha
490 1# - MENCIÓN DE SERIE
Mención de serie Educación
Designación de volumen o secuencia 373
534 ## - NOTA SOBRE LA VERSIÓN ORIGINAL
Encabezamiento principal del original Título original
Mención de título del original Toward a theory of instruction.
650 #4 - PUNTO DE ACCESO ADICIONAL DE MATERIA--TÉRMINO DE MATERIA
Término de materia o nombre geográfico como elemento de entrada Metodología pedagógica
9 (RLIN) 50773
650 #4 - PUNTO DE ACCESO ADICIONAL DE MATERIA--TÉRMINO DE MATERIA
Término de materia o nombre geográfico como elemento de entrada Educación
Subdivisión general Teoría
9 (RLIN) 50774
650 #4 - PUNTO DE ACCESO ADICIONAL DE MATERIA--TÉRMINO DE MATERIA
Término de materia o nombre geográfico como elemento de entrada Modelos de enseñanzas
9 (RLIN) 50775
700 1# - PUNTO DE ACCESO ADICIONAL--NOMBRE DE PERSONA
Nombre de persona Buner, Jerome S.,
Término indicativo de función/relación pról.
9 (RLIN) 50776
700 1# - PUNTO DE ACCESO ADICIONAL--NOMBRE DE PERSONA
Nombre de persona Parés, Nuria,
Término indicativo de función/relación tr.
9 (RLIN) 9909
830 #0 - PUNTO DE ACCESO ADICIONAL DE SERIE-TÍTULO UNIFORME
Título uniforme Manuales uteha;
Nombre de parte o sección de la obra Educación,
Designación de volumen o secuencia 373
9 (RLIN) 50777
Holdings
Estado de retiro Estado de pérdida Restricciones de uso No para préstamo Código de colección Localización permanente Ubicación/localización actual Ubicación en estantería Fecha de adquisición Número de inventario Total de préstamos Signatura topográfica completa Código de barras Fecha visto por última vez Precio válido a partir de Tipo de ítem Koha
        Monografías: Libros y Folletos General General En catalogación 11.02.2011 LF1   370.1 B894h 24748-10 25.06.2020 25.06.2020 Préstamo en sala

Powered by Koha